|
|
|
|
| LEADER |
00000nam0a2200000 4500 |
| 001 |
317684 |
| 005 |
20231102003011.0 |
| 010 |
|
|
|a 9785918721353
|
| 035 |
|
|
|a (RuTPU)RU\TPU\book\343152
|
| 035 |
|
|
|a BOOK00002297
|
| 035 |
|
|
|a RU\TPU\book\35645
|
| 090 |
|
|
|a 317684
|
| 100 |
|
|
|a 20011210d2016 m y0rusy50 ca
|
| 101 |
0 |
|
|a rus
|
| 102 |
|
|
|a RU
|
| 105 |
|
|
|a a j 000zy
|
| 200 |
1 |
|
|a Подземная гидравлика
|e учебник
|f К. С. Басниев [и др.]
|
| 205 |
|
|
|a Изд. стер.
|
| 210 |
|
|
|a Москва
|c Альянс
|d 2016
|
| 215 |
|
|
|a 303 с.
|
| 320 |
|
|
|a Библиография: с. 295
|
| 330 |
|
|
|a Приведена гидродинамическая теория однофазной и многофазной фильтрации жидкостей и газов в однородных и неоднородных пористых и трещиноватых средах. Рассмотрены стационарная и нестационарная фильтрация и методы расчета интерференции совершенных и несовершенных скважин. Впервые изложены теория фильтрации неньютоновских жидкостей, термодинамика фильтрационного потока, теория "укрупненной" газовой скважины. Даны методы моделирования технологических процессов, связанных с повышением нефте- и газоотдачи пластов, и примеры решения задач фильтрации с использованием электронно-вычислительных машин. Для студентов нефтяных вузов и факультетов, обучающихся по специальности "Технология и комплексная механизация разработки нефтяных и газовых месторождений".
|
| 606 |
1 |
|
|a Нефтяная гидравлика подземная
|2 stltpush
|3 (RuTPU)RU\TPU\subj\45907
|9 65096
|
| 610 |
1 |
|
|a понятия
|
| 610 |
1 |
|
|a нефть
|
| 610 |
1 |
|
|a газы
|
| 610 |
1 |
|
|a жидкости
|
| 610 |
1 |
|
|a фильтрация
|
| 610 |
1 |
|
|a моделирование
|
| 610 |
1 |
|
|a нефтегазоносные пласты
|
| 610 |
1 |
|
|a флюиды
|
| 610 |
1 |
|
|a дифференциальные уравнения
|
| 610 |
1 |
|
|a пористые среды
|
| 610 |
1 |
|
|a несжимаемая жидкость
|
| 610 |
1 |
|
|a установившиеся движения
|
| 610 |
1 |
|
|a упругие жидкости
|
| 610 |
1 |
|
|a неустановившиеся движения
|
| 610 |
1 |
|
|a многофазные системы
|
| 610 |
1 |
|
|a нефтеотдача
|
| 610 |
1 |
|
|a газоконденсаты
|
| 610 |
1 |
|
|a отдача
|
| 610 |
1 |
|
|a неньютоновские жидкости
|
| 610 |
1 |
|
|a трещиноватые среды
|
| 610 |
1 |
|
|a трещиновато-пористые среды
|
| 610 |
1 |
|
|a численное моделирование
|
| 610 |
1 |
|
|a учебники
|
| 675 |
|
|
|a 622.276:532(075.8)
|v 3
|
| 701 |
|
1 |
|a Басниев
|b К. С.
|g Каплан Сафербиевич
|
| 701 |
|
1 |
|a Власов
|b А. М.
|g Анатолий Михайлович
|
| 701 |
|
1 |
|a Кочина
|b И. Н.
|g Ираида Николаевна
|
| 701 |
|
1 |
|a Максимов
|b В. М.
|g Вячеслав Михайлович
|
| 801 |
|
1 |
|a RU
|b 63413507
|c 20160412
|
| 801 |
|
2 |
|a RU
|b 63413507
|c 20160615
|g RCR
|
| 900 |
|
|
|a Гидравлика
|
| 900 |
|
|
|a Подземная гидравлика
|
| 942 |
|
|
|c BK
|
| 959 |
|
|
|a 36/20160411
|d 20
|e 0
|f ЧЗТЛ:1
|f УФ:19
|